G1 Transformers From 1984 - Statistics

General Stats
  • This quiz has been taken 177 times
  • The average score is 21 of 28
Answer Stats
Hint Answer % Correct
Semi Truck Optimus Prime
100%
Minibot Bumblebee
97%
Pistol Megatron
95%
Van Ironhide
91%
Ambulance Ratchet
91%
Seeker Starscream
91%
Cassette Deck Soundwave
89%
Seeker Thundercracker
86%
Car Jazz
85%
Cassette Ravage
83%
Cassette Rumble
81%
Jeep Hound
80%
Cassette Laserbeak
80%
Seeker Skywarp
79%
Cassette Frenzy
76%
Minibot Cliffjumper
74%
Car Prowl
74%
Car Sideswipe
71%
Car Wheeljack
71%
Car Sunstreaker
69%
Car Mirage
64%
Car Bluestreak
60%
Minibot Brawn
60%
Cassette Buzzsaw
59%
Minibot Gears
58%
Minibot Huffer
56%
SUV Trailbreaker
55%
Minibot Windcharger
50%
No matching quizzes found
Score Distribution
Percent of People with Each Score
Percentile by Number Answered
Your Score History
You have not taken this quiz